000 00603nam a2200229 i 4500
001 C2-0155291
003 PPAK
005 20180727132318.0
008 980405s1983 enka|||| ||||| | eng d
020 _a0600323846
040 _aPPAK
_beng
_cPPAK
_erda
082 0 4 _a641.8
_223
090 0 0 _a641.8
_bJON
_dR
100 1 _aJones, Bridget,
_eauthor
245 1 0 _aGale's honey book
264 1 _aLondon :
_bHamlyn ,
_c1983
300 _a128 pages :
_bcolour illustrations ;
_c23 cm
336 _2rdacontent
_atext
337 _2rdamedia
_aunmediated
338 _2rdacarrier
_avolume
942 _ddc
_cB
999 _c47888
_d47888